Study of the impact of education on social and cultural modernization of Hindu and Muslim women (Record no. 21634)
[ view plain ]
| 000 -LEADER | |
|---|---|
| fixed length control field | 00508nam a2200169Ia 4500 |
| 082 ## - DEWEY DECIMAL CLASSIFICATION NUMBER | |
| Classification number | TA.0046 |
| 100 ## - MAIN ENTRY--AUTHOR NAME | |
| Personal name | Agrawal, Mamta |
| 245 #0 - TITLE STATEMENT | |
| Title | Study of the impact of education on social and cultural modernization of Hindu and Muslim women |
| 260 ## - PUBLICATION, DISTRIBUTION, ETC. (IMPRINT) | |
| Year of publication | 1979 |
| Name of publisher | Kurukshetra University |
| 300 ## - PHYSICAL DESCRIPTION | |
| Number of Pages | 240 |
| 650 ## - SUBJECT ADDED ENTRY--TOPICAL TERM | |
| Topical Term | Women, hindu |
| Form subdivision | Hindu women |
| 650 ## - SUBJECT ADDED ENTRY--TOPICAL TERM | |
| Topical Term | Women |
| Form subdivision | Socio-economic status |
| 650 ## - SUBJECT ADDED ENTRY--TOPICAL TERM | |
| Topical Term | Hindu women |
| Form subdivision | Education |
| 650 ## - SUBJECT ADDED ENTRY--TOPICAL TERM | |
| Topical Term | Muslim women |
| Form subdivision | Education |
| 710 ## - ADDED ENTRY--CORPORATE NAME | |
| Corporate name or jurisdiction name as entry element | Chaturvedi, V. |
| 942 ## - ADDED ENTRY ELEMENTS (KOHA) | |
| Koha item type | Thesis |
| Source of classification or shelving scheme | Dewey Decimal Classification |
| Withdrawn status | Lost status | Damaged status | Not for loan | Home library | Current library | Date acquired | Bill Date | Full call number | Accession Number | Price effective from | Koha item type |
|---|---|---|---|---|---|---|---|---|---|---|---|
| NASSDOC Library | NASSDOC Library | 08/10/2004 | 2004-10-22 | TA.0046 | 18572 | 18/04/2019 | Thesis |
